Statistics for Nicolas Winding Refn Movies

Click here to take the quiz!

General Stats

  • This quiz has been taken 8 times
  • The average score is 9 of 10

Answer Stats

HintLead actorAnswer% Correct
2008Tom HardyBronson
100%
2011Ryan GoslingDrive
100%
2013Ryan GoslingOnly God Forgives
100%
1996Kim BodniaPusher
100%
2004Mads MikkelsenPusher 2
100%
2005Zlatko BurićPusher 3
100%
2016Elle FanningThe Neon Demon
100%
2003John TurturroFear X
83%
2009Mads MikkelsenValhalla Rising
83%
1999Kim BodniaBleeder
67%

Score Distribution

Percentile by Number Answered

Percent of People with Each Score

Your Score History

You have not taken this quiz